| 000 | 00380cam a2200169ua 4500 | ||
|---|---|---|---|
| 020 | _c1 | ||
| 041 |
_aeng _h |
||
| 082 |
_a320.58 _bGAN/Co |
||
| 100 | _aGandhi , M k . | ||
| 245 |
_aCommunism and communists / _cM K Gandhi. _hTextual Documents |
||
| 260 |
_a : _bNavajivan , _c1959. |
||
| 300 | _a23 ; . | ||
| 365 | _a1 | ||
| 504 | _a | ||
| 942 | _cBK | ||
| 999 |
_c2258 _d2258 |
||